00634nam a22001817a 450000500170000001000150001702000260003202000220005803500140008003700130009408200160010710000200012324501250014326000450026827000640031330000250037750000500040220161108130701.0 aENG-116476 c950.00a9780199460854 c950.00a019946085 aEN-100008 bDBAD/PUB a382.0934037 aGurukkal, Rajan aRenting classical Indo- Roman trade :cby Rajan Gurukkalbpoltical economy of Eastern mediterranean exchange relations / aNew DelhibOxford University Pressc2016 aYMCA Library Building, 1 Jai Singh Road,bNew Delhie110001 axiii,331p.c23cm(Hb) aIncludes bibliographical references and index